Statistics for Answers Contain "God"

Click here to take the quiz!

General Stats

  • This quiz has been taken 44 times
  • The average score is 12 of 28

Answer Stats

HintAnswer% Correct
National anthem of the United KingdomGod Save the King
90%
Official motto of the United States (4 words)In God We Trust
80%
A part-human and part-divine offspring of a deity and a humandemigod
76%
Remembered for riding naked through the streets of CoventryLady Godiva
76%
1954: This Japanese reptilian monster debutsGodzilla
73%
1882 statement made by Friedrich Nietzsche (3 words)God is dead
68%
Word wishing someone a prosperous journey or successGodspeed
66%
1972 crime film directed by Francis Ford CoppolaThe Godfather
66%
1986 goal scored by Maradona against EnglandThe hand of God
54%
Nickname of the Higgs bosonThe God Particle
51%
1918 patriotic song by Irving BerlinGod Bless America
44%
2005: Debut of this game franchise about Greek warrior KratosGod of War
41%
1966 Beach Boys song from Pet SoundsGod Only Knows
37%
Nickname of Attila the HunScourge of God
37%
1971 musical based on the Gospel of MatthewGodspell
34%
2013 Eminem track that set a record for having 1560 wordsRap God
34%
1985: Parenthetical title of Kate Bush's "Running Up that Hill"(A Deal with God)
29%
1984 patriotic song by country artist Lee GreenwoodGod Bless the U.S.A.
29%
1977 George Burns comedy filmOh, God!
27%
2002 Brazilian filmCity of God
24%
1973 Argent song, covered by Kiss for Bill and Ted in 1991God Gave Rock and Roll to You
24%
India's second longest riverGodavari
22%
1995: Founding of this "I Stand Alone" and "Voodoo" rock bandGodsmack
22%
"Anatomical" word that refers to a deitygodhead
20%
1970 coming-of-age novel by Judy BlumeAre You There God? It's Me, Margaret.
15%
1937 Harlem Renaissance novel by Zora Neale HurstonTheir Eyes Were Watching God
15%
1985 film about a nun who insists her pregnancy is a virgin birthAgnes of God
12%
1972 West German epic historical drama film by Werner HerzogAguirre, the Wrath of God
12%

Score Distribution

Percentile by Number Answered

Percent of People with Each Score

Your Score History

You have not taken this quiz